<?xml version="1.0" encoding="UTF-8"?>
<record
    xmlns:xsi="http://www.w3.org/2001/XMLSchema-instance"
    xsi:schemaLocation="http://www.loc.gov/MARC21/slim http://www.loc.gov/standards/marcxml/schema/MARC21slim.xsd"
    xmlns="http://www.loc.gov/MARC21/slim">

  <leader>05587cam a22004814i 4500</leader>
  <controlfield tag="003">PE-LiUPU</controlfield>
  <controlfield tag="005">20250731173420.0</controlfield>
  <controlfield tag="008">150706s2000    xxk     r     000 0 spa d</controlfield>
  <datafield tag="020" ind1=" " ind2=" ">
    <subfield code="a">9780825411175</subfield>
  </datafield>
  <datafield tag="035" ind1=" " ind2=" ">
    <subfield code="a">(Sirsi) i9780825411175</subfield>
  </datafield>
  <datafield tag="040" ind1=" " ind2=" ">
    <subfield code="a">PE-LiUPU</subfield>
    <subfield code="b">spa</subfield>
    <subfield code="c">PE-LiUPU</subfield>
    <subfield code="e">rda</subfield>
  </datafield>
  <datafield tag="049" ind1=" " ind2=" ">
    <subfield code="a">PRUA</subfield>
  </datafield>
  <datafield tag="082" ind1="0" ind2="4">
    <subfield code="a">251.02</subfield>
    <subfield code="b">PP</subfield>
    <subfield code="2">21</subfield>
  </datafield>
  <datafield tag="100" ind1="1" ind2=" ">
    <subfield code="a">Campbell, Roger F.,</subfield>
    <subfield code="d">1930- ,</subfield>
    <subfield code="e">autor.</subfield>
  </datafield>
  <datafield tag="245" ind1="1" ind2="0">
    <subfield code="a">Predique por un a&#xF1;o #4 :</subfield>
    <subfield code="b">104 bosquejos de sermones. Dos bosquejos completos para cada domingo del a&#xF1;o /</subfield>
    <subfield code="c">Roger Campbell .</subfield>
  </datafield>
  <datafield tag="264" ind1=" " ind2="1">
    <subfield code="a">Grand Rapids :</subfield>
    <subfield code="b">Editorial Portavoz,</subfield>
    <subfield code="c">2000.</subfield>
  </datafield>
  <datafield tag="300" ind1=" " ind2=" ">
    <subfield code="a">224 p&#xE1;ginas ;</subfield>
    <subfield code="c">22 cent&#xED;metros.</subfield>
  </datafield>
  <datafield tag="336" ind1=" " ind2=" ">
    <subfield code="a">text</subfield>
    <subfield code="2">rdacontent</subfield>
  </datafield>
  <datafield tag="337" ind1=" " ind2=" ">
    <subfield code="a">unmediated</subfield>
    <subfield code="2">rdamedia</subfield>
  </datafield>
  <datafield tag="338" ind1=" " ind2=" ">
    <subfield code="a">volume</subfield>
    <subfield code="2">rdacarrier</subfield>
  </datafield>
  <datafield tag="490" ind1="0" ind2=" ">
    <subfield code="a">Predique por un a&#xF1;o</subfield>
  </datafield>
  <datafield tag="505" ind1="0" ind2=" ">
    <subfield code="a">Enero -- Nuestro eterno Dios -- La gran carrera anual -- Cuando la comunidad de creyentes agrada a Dios -- Tengamos armon&#xED;a en la iglesia -- No se esconda de Dios -- &#xBF;Qu&#xE9; es lo que has hecho? -- Gemimos ahora.la gloria vendr&#xE1; despu&#xE9;s -- La paga y otros beneficios del predicador -- Febrero -- Yo soy el pan de vida (comienza la serie "yo soy") -- Yo soy la luz del mundo -- Yo soy la puerta -- Yo soy el buen pastor -- Yo soy la resurrecci&#xF3;n y la vida -- Yo soy el camino, la verdad y la vida -- Yo soy la vid verdadera -- Yo soy el Alfa y la Omega (termina la serie "yo soy") -- Marzo -- El amor es lo m&#xE1;s grande -- Dios se lo llev&#xF3; -- &#xBF;Qui&#xE9;n creer&#xE1;? (comienza la serie acerca de la cruz) -- Var&#xF3;n de dolores -- Herido, molido, nuestra paz -- La recuperaci&#xF3;n de los descarriados -- El silencio del Salvador -- De la cruz al trono (termina la serie acerca de la cruz) -- Abril -- El poder de la resurrecci&#xF3;n (comienza la serie acerca de la resurrecci&#xF3;n) -- Las experiencias en la tumba vac&#xED;a -- Si Cristo no hubiera resucitado -- Muchas pruebas convincentes (termina la serie acerca de la resurrecci&#xF3;n) -- Dios pregunta al primer homicida de la tierra -- Usted tiene que nacer de nuevo -- La corona de gozo de Pablo -- Estorbos para la fe -- Mayo -- Razones para alabar al Se&#xF1;or -- La exhortaci&#xF3;n de Caleb -- La madre de todos nosotros -- Mar&#xED;a, Marta y el Maestro -- Haga lo que pueda -- El desterrado vuelve a casa -- Un llamamiento a recordar -- &#xBF;Hambre? -- Junio -- Lo que Dios quiere hacer en su vida -- Un asunto de vida o muerte -- El premio -- La a&#xF1;oranza del hogar -- C&#xF3;mo limpiar nuestra vida -- Permanezcamos en Cristo -- La oraci&#xF3;n del Se&#xF1;or -- La &#xFA;ltima oraci&#xF3;n en la Biblia -- Julio -- Una naci&#xF3;n en necesidad -- &#xA1;Venid y volv&#xE1;monos a Jehova! -- La manera de hablar de Dios -- Podemos vencer la tentaci&#xF3;n -- Un hombre que Dios us&#xF3; -- Prepar&#xE9;monos para la aflicci&#xF3;n -- Perder y ganar -- Aceptemos un nuevo reto en la vida -- Agosto -- El fruto del Esp&#xED;ritu es amor (comienza la serie acerca del fruto del esp&#xED;ritu) -- El fruto del Esp&#xED;ritu es gozo -- El fruto del Esp&#xED;ritu es paz -- El fruto del Esp&#xED;ritu es paciencia -- El fruto del Esp&#xED;ritu es benignidad -- El fruto del Esp&#xED;ritu es bondad -- El fruto del Esp&#xED;ritu es fe -- El fruto del Esp&#xED;ritu es mansedumbre -- Septiembre -- El fruto del Esp&#xED;ritu es templanza (dominio propio) (termina la serie acerca del fruto del Esp&#xED;ritu) -- La cita m&#xE1;s importante de todo cristiano -- Una vida libre de ansiedad -- Confesemos a Cristo p&#xFA;blicamente -- &#xBF;Qu&#xE9; nueva ense&#xF1;anza es esta? -- El cristiano y la guerra espiritual -- Los deseos de los disc&#xED;pulos -- El Se&#xF1;or y Lidia -- Octubre -- Mant&#xE9;ngase positivo en un mundo negativo -- Lo que significa estar perdido -- El poder de la acci&#xF3;n positiva -- La fe que no salva -- El m&#xE1;s grande mentiroso del mundo -- El diablo con su mejor traje -- C&#xF3;mo manejar las presiones del fin de los tiempos -- Una vida a toda prueba -- Noviembre -- Tiempo de comuni&#xF3;n (cena del Se&#xF1;or) -- Paz con Dios -- Parezcamos ganadores -- El Se&#xF1;or instruye a sus hijos -- Por qu&#xE9; los cristianos tienen pruebas (comienza la serie acerca de la fe probada por fuego) -- Fe para las crisis familiares -- Acci&#xF3;n de gracias desde dentro de un pez -- Fe cuando todos los recursos desaparecen -- Diciembre -- Fe cuando los recursos son escasos -- Fe cuando otros est&#xE1;n en contra nuestra -- El nacimiento virginal de Cristo -- El magnificat -- Cuando la aurora del cielo visit&#xF3; la tierra -- La noche de los milagros -- Herodes: el enemigo de Cristo -- Jesucristo es el nivelador -- Para los quintos domingos -- Cristo quiere ser su amigo -- &#xBF;Esperamos que llueva? -- Preguntas para calmar el temor a testificar -- Tengamos paz con relaci&#xF3;n a testificar -- Una dispersi&#xF3;n santificada -- Trescientos h&#xE9;roes -- El hombre que camin&#xF3; con Dios -- De regreso a Bet-el -- &#xCD;ndice de referencias b&#xED;blicas.</subfield>
  </datafield>
  <datafield tag="526" ind1=" " ind2=" ">
    <subfield code="a">SEG42</subfield>
  </datafield>
  <datafield tag="526" ind1=" " ind2=" ">
    <subfield code="a">SEG41</subfield>
  </datafield>
  <datafield tag="526" ind1=" " ind2=" ">
    <subfield code="a">SEG40</subfield>
  </datafield>
  <datafield tag="526" ind1=" " ind2=" ">
    <subfield code="a">SEG39</subfield>
  </datafield>
  <datafield tag="526" ind1=" " ind2=" ">
    <subfield code="a">P94</subfield>
  </datafield>
  <datafield tag="526" ind1=" " ind2=" ">
    <subfield code="a">P87</subfield>
  </datafield>
  <datafield tag="526" ind1=" " ind2=" ">
    <subfield code="a">P86</subfield>
  </datafield>
  <datafield tag="526" ind1=" " ind2=" ">
    <subfield code="a">P85</subfield>
  </datafield>
  <datafield tag="526" ind1=" " ind2=" ">
    <subfield code="a">P77</subfield>
  </datafield>
  <datafield tag="526" ind1=" " ind2=" ">
    <subfield code="a">P76</subfield>
  </datafield>
  <datafield tag="526" ind1=" " ind2=" ">
    <subfield code="a">P35</subfield>
  </datafield>
  <datafield tag="541" ind1=" " ind2=" ">
    <subfield code="g">001-0000583;</subfield>
  </datafield>
  <datafield tag="650" ind1="0" ind2="4">
    <subfield code="a">Sermones b&#xED;blicos.</subfield>
  </datafield>
  <datafield tag="700" ind1="1" ind2=" ">
    <subfield code="a">Mart&#xED;nez, Jos&#xE9; Luis,</subfield>
    <subfield code="e">traductor.</subfield>
  </datafield>
  <datafield tag="910" ind1=" " ind2=" ">
    <subfield code="a">gl</subfield>
    <subfield code="c">jck</subfield>
    <subfield code="d">20120610</subfield>
  </datafield>
  <datafield tag="942" ind1=" " ind2=" ">
    <subfield code="2">ddc</subfield>
    <subfield code="c">BOOK</subfield>
  </datafield>
  <datafield tag="949" ind1=" " ind2=" ">
    <subfield code="a">251.02 PP 4</subfield>
    <subfield code="w">DEWEY</subfield>
    <subfield code="c">1</subfield>
    <subfield code="i">64927</subfield>
    <subfield code="l">CCODEBUL1</subfield>
    <subfield code="m">BUL</subfield>
    <subfield code="p">13.00</subfield>
    <subfield code="r">0</subfield>
    <subfield code="s">Y</subfield>
    <subfield code="t">BOOK</subfield>
    <subfield code="u">2015-7-6</subfield>
    <subfield code="x">TEOLOGIA</subfield>
    <subfield code="P">P35</subfield>
    <subfield code="o">.STAFF. Colecci&#xF3;n Teolog&#xED;a</subfield>
  </datafield>
  <datafield tag="994" ind1=" " ind2=" ">
    <subfield code="a">C0</subfield>
    <subfield code="b">PEPRU</subfield>
  </datafield>
  <datafield tag="596" ind1=" " ind2=" ">
    <subfield code="a">1</subfield>
  </datafield>
  <datafield tag="999" ind1=" " ind2=" ">
    <subfield code="a">251.02 PP 4</subfield>
    <subfield code="w">DEWEY</subfield>
    <subfield code="c">53635</subfield>
    <subfield code="i">64927</subfield>
    <subfield code="d">53635</subfield>
    <subfield code="e">2017-6-16</subfield>
    <subfield code="f">2021-11-10</subfield>
    <subfield code="g">5</subfield>
    <subfield code="l">CCODEBUL1</subfield>
    <subfield code="m">BUL</subfield>
    <subfield code="n">3</subfield>
    <subfield code="p">13.00</subfield>
    <subfield code="r">0</subfield>
    <subfield code="s">Y</subfield>
    <subfield code="t">BOOK</subfield>
    <subfield code="u">2015-7-6</subfield>
    <subfield code="x">TEOLOGIA</subfield>
    <subfield code="P">P35</subfield>
    <subfield code="0">COMPRA</subfield>
    <subfield code="o">.STAFF. Colecci&#xF3;n Teolog&#xED;a</subfield>
  </datafield>
  <datafield tag="980" ind1=" " ind2=" ">
    <subfield code="8">1</subfield>
    <subfield code="g">ALBERTO SANCHEZ Responsable de Automatizaci&#xF3;n</subfield>
  </datafield>
  <datafield tag="952" ind1=" " ind2=" ">
    <subfield code="r">2025-12-03 00:00:00</subfield>
    <subfield code="i">6</subfield>
    <subfield code="l">4</subfield>
    <subfield code="o">251.02 PP 4</subfield>
    <subfield code="p">64927</subfield>
    <subfield code="s">2022-09-27</subfield>
    <subfield code="t">e1</subfield>
    <subfield code="v">18.00</subfield>
    <subfield code="w">2015-07-06</subfield>
    <subfield code="x">FT</subfield>
    <subfield code="y">BK</subfield>
    <subfield code="z">inventario-2023-12-13</subfield>
    <subfield code="1">0</subfield>
    <subfield code="2">ddc</subfield>
    <subfield code="5">0</subfield>
    <subfield code="7">0</subfield>
    <subfield code="8">GEN</subfield>
    <subfield code="f">P35</subfield>
    <subfield code="a">BUL</subfield>
    <subfield code="b">BUL</subfield>
    <subfield code="c">GEN</subfield>
    <subfield code="d">2015-07-06</subfield>
    <subfield code="e">COMPRA</subfield>
    <subfield code="g">13.00</subfield>
  </datafield>
</record>
